| 000 | 00817nam a2200217 a 4500 | ||
|---|---|---|---|
| 003 | 0 | ||
| 005 | 20250515140546.0 | ||
| 008 | 021128s19uu xx 00 eng d | ||
| 050 |
_aPGS RM 222.2 _b.Y59 2001 |
||
| 100 | _aYoo, Ji Eun. | ||
| 245 |
_aDifferent diet techniques to trim down among grade 6 female students of Southville International School / _cJi Eun Yoo. |
||
| 260 |
_aLas PiƱas City, Philippines : _bSouthville International School and Colleges, _c2001. |
||
| 300 |
_a27 pages : _billustrations ; _c28 cm. |
||
| 504 | _aIncludes bibliographical references. | ||
| 650 | _aReducing diets. | ||
| 650 |
_aGirls _vHealth and hygiene. |
||
| 650 | _aBody image in children. | ||
| 650 |
_aNutrition _vStudy and teaching _vElementary. |
||
| 650 |
_aWeight loss _vPsychological aspects. |
||
| 942 |
_2lcc _cPASS |
||
| 999 |
_c96488 _d96488 |
||